| 000 | 00822nam a22002057a 4500 | ||
|---|---|---|---|
| 003 | LK-CoMWRAF | ||
| 005 | 20240120120253.0 | ||
| 008 | 240117b2013 |||||||| |||| 00| 0 eng d | ||
| 020 | _a 9789221270867 | ||
| 040 |
_aLK-CoMWRAF _dLK-CoMWRAF _eLK-CoMWRAF |
||
| 041 | _aeng | ||
| 082 |
_a344.0162 _bINT |
||
| 110 | _aILO country office for Sri Lanka and the Maldives | ||
| 245 |
_aStrengthening grievance and complaint handling mechanisms to address migrant worker grievances in Sri Lanka: _ba review and analysis of mechanisms |
||
| 260 |
_aGeneva: _bInternational Labour Organization, _c2013 |
||
| 300 |
_a54 p. _bBibliography included |
||
| 650 | _aMIGRANT WORKERS-Sri Lanka | ||
| 856 | _uhttps://www.ilo.org/wcmsp5/groups/public/---asia/---ro-bangkok/---ilo-colombo/documents/publication/wcms_233367.pdf | ||
| 942 | _cBK | ||
| 999 |
_c4631 _d4631 |
||